| 000 | 01132cad a22002535a 4500 | ||
|---|---|---|---|
| 001 | E149129 | ||
| 008 | 100115s2010 xxk f s000 0 eng d | ||
| 020 | _a9780755978038 | ||
| 035 | _a(Sirsi) u149129 | ||
| 041 | 0 | _aeng | |
| 050 | 0 | 4 | _a333.72 $2 18 |
| 110 | 2 |
_aScotland _bScottish Government _95344 |
|
| 245 | 0 | 0 |
_aPermitted development rights for domestic micro-wind turbines and air-source heat pumps consultation _h[electronic resource] |
| 260 |
_aEdinburgh _bScottish Government _c2010 |
||
| 520 | _aConsultation on the granting of permitted development rights for domestic wind turbines and air-source heat pumps, made under the Climate Change (Scotland) Act 2009 S70. Deadline for responses is 1 February 2010. | ||
| 521 | _aAdvanced | ||
| 590 | _aKA | ||
| 650 | 2 | 4 | _aCLIMATE CHANGE (SCOTLAND) ACT 2009 S70 |
| 651 | 4 |
_aScotland _y1999- |
|
| 690 | _aENVIRONMENTAL AND LAND CONSULTANCY-PLANNING AND DEVELOPMENT | ||
| 690 | _aENVIRONMENTAL AND LAND CONSULTANCY-ENERGY | ||
| 856 | 4 | 0 |
_uhttps://www.scotland.gov.uk/Publications/2010/01/14153239/0 _zView the report free of charge at www.scotland.gov.uk... |
| 942 | _n0 | ||
| 999 |
_c110377 _d110377 |
||